| 000 | 00978nam a22002537a 4500 | ||
|---|---|---|---|
| 005 | 20170123162302.0 | ||
| 010 | _aB-209241 | ||
| 020 | _c230.00 | ||
| 035 | _aB-209241 | ||
| 037 | _bCen Lib/Ret | ||
| 040 |
_aDPL _bUR |
||
| 082 |
_a844 _bم ج ی |
||
| 100 |
_aمجیب احمد خان _9107725 |
||
| 245 |
_aتراشیدہ نیلم ؛ حجاب امتیاز علی کیمضامین کا مجموعہ اور اپنی تحریر / _cمجیب احمد خان |
||
| 246 |
_aTrasheeda neelam ; collection of essays and other writting of Hijab Imtiaz Ali / _bby Mujeeb Ahmad Khan |
||
| 260 |
_aدیلھی _bایجوکیشنلپبلیکشن ہاؤس _c2006 |
||
| 270 |
_aکوچ پنڈت لال کوان _bدیلھی _e110006 |
||
| 300 |
_a230p. _c21cm(Hb) |
||
| 650 |
_aادب - اردو _9107726 |
||
| 650 |
_a اردو مضامین _9107727 |
||
| 650 |
_aLiterature -- urdu _9107728 |
||
| 650 |
_aUrdu essays _9528 |
||
| 942 |
_2ddc _cUR _h844 _mم ج ی |
||
| 999 |
_c106089 _d106089 |
||